Statistics for Major African Bodies of Water

Click here to take the quiz!

General Stats

  • This quiz has been taken 44 times
  • The average score is 11 of 24

Answer Stats

Answer% Correct
The Nile
94%
Lake Victoria
91%
Suez Canal
91%
Congo River
85%
Niger River
82%
Red Sea
76%
Lake Malawi / Lake Nyasa
74%
Lake Tanganyika
74%
Mediterranean Sea
71%
Zambezi River
65%
Lake Chad
50%
Strait of Gibraltar
47%
Lake Albert
41%
Gambia River
38%
Lake Volta
38%
Limpopo River
35%
Senegal River
35%
Okavango River
18%
Bight of Benin
15%
Gulf of Aqaba
12%
Bight of Biafra
6%
Gulf of Sidra
3%
Lake Kivu
3%
Lake Rudolf
3%

Score Distribution

Percentile by Number Answered

Percent of People with Each Score

Your Score History

You have not taken this quiz